00683nam a2200181Ia 4500008004100000020001800041041000800059082001500067100001900082245005200101260003700153300000800190365001600198700003800214906005600252999001900308952017400327230718s9999 xx 000 0 und d a9781107058712 aeng a629.8bCHI aChidambaram M. aRelay Autotuning For Identification And Control c2014bCambridge University Press a261 cRs.b995.00 aChidambaram M. & Sathe V.9199204 dO:0519711-Jul-2016B:IN 31829-Jun-2016cINSTb248.75 c342443d342443 00104070aCCEPbCCEPd2016-07-11ePradeep Book DistributorsfINSTg746.25iIN 318l0o629.8pCCEP-BK-53650r2023-07-18 00:00:00t248.75v995.00w2016-06-29yBKz053650